Programme d'assistance technique: les perspectives du developpement économique au Vietnam

Gespeichert in:
Bibliographische Detailangaben
1. Verfasser: FAO
Format: Buch
Sprache:Undetermined
Veröffentlicht: New York FAO 1956
Schlagworte:
Tags: Tag hinzufügen
Keine Tags, Fügen Sie den ersten Tag hinzu!
Thư viện lưu trữ: Trung tâm Học liệu Trường Đại học Cần Thơ
LEADER 00535nam a2200181Ia 4500
001 CTU_5494
008 210402s9999 xx 000 0 und d
082 |a 333 
082 |b F218 
100 |a FAO 
245 0 |a Programme d'assistance technique: les perspectives du developpement économique au Vietnam 
245 0 |c FAO 
260 |a New York 
260 |b FAO 
260 |c 1956 
650 |a vietnam - economic conditions 
904 |i Nguyễn Quang Điền, 960720 
980 |a Trung tâm Học liệu Trường Đại học Cần Thơ